Central Part of Country Flags, with World Map - Statistics

General Stats
  • This quiz has been taken 1,491 times
  • The average score is 116 of 196
Answers on the Map
Answers color-coded by a green-red scale on the quiz's map according to % correct below.
 
Answer Stats
Flag Country % Correct
Canada
99%
Lebanon
92%
Albania
91%
Cyprus
91%
Saudi Arabia
90%
Cambodia
88%
Spain
88%
Kosovo
87%
Bhutan
86%
Kenya
83%
India
82%
San Marino
82%
Vatican City
82%
China
81%
Croatia
81%
Barbados
80%
Egypt
80%
Israel
80%
Slovakia
80%
Mexico
79%
Argentina
78%
Brazil
78%
Iran
77%
Iraq
77%
Japan
77%
Portugal
77%
Serbia
77%
South Korea
77%
Vietnam
77%
United States
76%
Sri Lanka
75%
Turkey
75%
Jamaica
74%
Sweden
74%
Syria
74%
Denmark
73%
Finland
73%
Greece
73%
Morocco
73%
North Korea
73%
Norway
73%
Angola
72%
Bosnia and Herzegovina
72%
Brunei
72%
Iceland
72%
Pakistan
72%
Venezuela
72%
Bangladesh
71%
Macedonia
71%
South Africa
71%
Switzerland
71%
United Kingdom
71%
Afghanistan
70%
Andorra
70%
Montenegro
70%
Nepal
70%
Algeria
69%
Haiti
69%
Kazakhstan
69%
Malaysia
69%
Moldova
69%
Czech Republic
68%
Kyrgyzstan
68%
Tunisia
68%
Qatar
67%
Swaziland
67%
Uganda
67%
Ecuador
66%
Poland
66%
Somalia
66%
St. Lucia
66%
Australia
65%
Ethiopia
65%
Guatemala
65%
Nicaragua
65%
Papua New Guinea
65%
Honduras
64%
Latvia
64%
New Zealand
64%
Panama
64%
St. Vincent and the Grenadines
64%
Ukraine
64%
Eritrea
63%
Lesotho
63%
Philippines
63%
Trinidad and Tobago
63%
Bahrain
62%
Indonesia
62%
Niger
62%
Palau
62%
Belize
61%
Dominica
61%
El Salvador
61%
Monaco
61%
Tajikistan
61%
Chile
60%
Dominican Republic
60%
Myanmar
60%
Seychelles
60%
Taiwan
60%
Uruguay
60%
Azerbaijan
59%
B{elgium}
59%
Fiji
59%
Kiribati
59%
Paraguay
59%
Botswana
58%
Cameroon
58%
F{rance}
58%
Mauritania
58%
R{omania}
58%
Tanzania
58%
Democratic Republic of the Congo
57%
F.S. of Micronesia
57%
I{reland}
57%
Libya
57%
Singapore
57%
Y{emen}
57%
Cape Verde
56%
Georgia
56%
Laos
56%
N{igeria}
56%
Burkina Faso
55%
Burundi
55%
I{taly}
55%
Marshall Islands
55%
Senegal
55%
P{eru}
54%
Bahamas
53%
Bolivia
53%
Equatorial Guinea
53%
Ghana
53%
Guyana
53%
N{etherlands}
53%
C{had}
52%
East Timor
52%
Grenada
52%
H{ungary}
52%
A{ustria}
51%
E{stonia}
51%
Madagascar
51%
M{ali}
51%
O{man}
51%
R{ussia}
51%
C{ôte d'Ivoire}
50%
Djibouti
50%
Nauru
50%
St. Kitts & Nevis
50%
Antigua and Barbuda
49%
Benin
49%
Liechtenstein
49%
Republic of the Congo
49%
Tonga
49%
Central African Republic
48%
Turkmenistan
48%
Tuvalu
48%
Cuba
47%
L{ithuania}
47%
L{uxembourg}
47%
Namibia
47%
Vanuatu
47%
M{ongolia}
46%
G{abon}
45%
Liberia
45%
Togo
45%
Zambia
45%
G{uinea}
44%
Jordan
44%
G{ermany}
43%
Maldives
43%
S{lovenia}
43%
Samoa
42%
K{uwait}
41%
Solomon Islands
41%
B{ulgaria}
40%
U{nited Arab Emirates}
40%
S{ierra Leone}
39%
A{rmenia}
37%
Guinea-Bissau
37%
Malta
36%
Sudan
36%
Gambia
35%
Belarus
31%
U{zbekistan}
31%
São Tomé and Príncipe
30%
Costa Rica
28%
M{alawi}
28%
Suriname
28%
Colombia
22%
Thailand
22%
Rwanda
21%
Mozambique
18%
South Sudan
18%
Zimbabwe
17%
Comoros
15%
Mauritius
11%
No matching quizzes found
Score Distribution
Percent of People with Each Score
Percentile by Number Answered
Your Score History
You have not taken this quiz